| 000 | 00419nam a22001217a 4500 | ||
|---|---|---|---|
| 999 |
_c1196 _d1196 |
||
| 005 | 20200826112317.0 | ||
| 008 | 200826b ||||| |||| 00| 0 eng d | ||
| 020 | _a19324 | ||
| 040 | _cCML | ||
| 245 |
_aThe Teaching of English. _cThe Incorporated Association of Assistant Masters in Secondary Schools. |
||
| 260 |
_aLondon _bCambridge University Press _c1959 |
||
| 942 |
_2ddc _cBK _e1st Edition _h428.07 _mINC |
||